La transferencia de tecnología

Uloženo v:
Podrobná bibliografie
Hlavní autor: Omerovic Rendic, Ana María (autora)
Médium: Kniha
Jazyk:španělština
Vydáno: Santiago ConoSur 1998
Témata:
Tagy: Přidat tag
Žádné tagy, Buďte první, kdo vytvoří štítek k tomuto záznamu!

MARC

LEADER 00000nam a2200000 a 4500
001 UCR6851
003 CL-VaPUC
008 980424e19980000CL |||||||||||||||||spa|d
082 0 4 |a 338.9  |b OME  |2 21 
100 |a Omerovic Rendic, Ana María  |e autora  |9 408029 
245 1 3 |a La transferencia de tecnología 
300 |a 286 p 
942 |c BK 
945 |d 19980424 00:00:00  |a rbrito 
260 |a Santiago  |b ConoSur  |c 1998 
650 0 |a Transferencia de tecnología  |9 259659 
650 0 |a Contratos  |9 255153 
650 0 |a Derecho comercial   |9 256340 
651 7 |a CHILE  |2 CL-VaPUC  |9 408030 
583 |a last modification  |c 20160920 04:29:36  |k Rodrigo Vera 
999 |c 268756  |d 268754 
952 |0 0  |1 0  |4 0  |6 338_900000000000000_OME_1998  |7 0  |8 A  |9 302064  |a BIBDER  |b BIBDER  |d 2019-11-20  |i 3421112  |l 3  |m 1  |o 338.9 OME 1998  |p 3421112  |r 2024-05-14  |s 2024-04-30  |w 2019-11-20  |y BK  |k DER